Acquisti più costosi - Arsenal - Statistics

Statistiche generali
  • Questo quiz è stato fatto 38 volte
  • Il punteggio medio è 16 su 21
Statistiche sulle risposte
Costo (M €) Da Nazione Anno Calciatore % Corretto
35 Real Madrid Noervgia 2021 Martin Ødegaard
97%
63,75 Borussia Dortmund Francia/Gabon 2018 Pierre-Emerick Aubameyang
97%
53 Olympique Lione Francia 2017 Alexander Lacazette
94%
42,50 Barcellona Cile 2014 Alexis Sánchez
94%
80 Lilla Costa d'Avorio 2019 Nicolas Pépé
94%
50 Atletico Madrid Ghana 2020 Thomas Partey
94%
52,20 Manchester City Brasile 2022 Gabriel Jesus
91%
47 Real Madrid Germania 2013 Mesut Özil
91%
35 Manchester City Ucraina 2022 Oleksandr Zinchenko
91%
25 Spezia Polonia 2023 Jakub Kiwior
85%
28,65 Sampdoria Uruguay 2018 Lucas Torreira
85%
45 Borussia Mönchengladbach Svizzera 2016 Granit Xhaka
82%
34 Manchester United Armenia 2018 Henrikh Mkhitaryan
82%
58,50 Brighton Inghilterra 2021 Ben White
76%
27 Celtic Scozia 2019 Kieran Tierney
71%
41 Valencia Germania 2016 Shkodran Mustafi
59%
25 Bayer Leverkusen Germania 2018 Bernd Leno
50%
30 Saint Étienne Francia 2019 William Saliba
50%
28 Sheffield Utd Inghilterra 2021 Aaron Ramsdale
44%
35 Porto Portogallo 2022 Fábio Vieira
41%
26 Lilla Brasile 2020 Gabriel Magalhães
29%
Nessun quiz corrispondente trovato
Distribuzione punteggi
Percentuale di utenti per punteggio
Percentile per numero di risposta
I tuoi punteggi nel tempo
Non hai fatto questo quiz